[Event "ROM-ch U12"]
[Site "Calimanesti"]
[Date "2018.04.02"]
[Round "8"]
[White "Toma, Alexandru Mihai"]
[Black "Radoi, Matei"]
[Result "1/2-1/2"]
[WhiteElo "1381"]
[BlackElo "1494"]
[PlyCount "88"]
[EventDate "2018.03.27"]
[EventType "swiss"]
[EventRounds "9"]
[EventCountry "ROU"]
[SourceTitle "CBM 183 Extra"]
[Source "ChessBase"]
[SourceDate "2018.04.19"]
[SourceVersion "1"]
[SourceVersionDate "2018.04.19"]
[SourceQuality "1"]

1. e4 c5 2. c4 Nc6 3. Nc3 g6 4. g3 Bg7 5. Bg2 e6 6. Nge2 Nge7 7. d3 0-0 8. 0-0 a6 9. f4 d6 10. Be3 Nd4 11. h3 Nec6 12. Kh2 Rb8 13. a4 Bd7 14. Rb1 Nb4 15. Qd2 Nbc6 16. b3 Nxe2 17. Nxe2 Nd4 18. Nxd4 cxd4 19. Bg1 b5 20. axb5 axb5 21. Qc1 e5 22. fxe5 dxe5 23. c5 Bc6 24. b4 f5 25. Qc2 fxe4 26. Bxe4 Bxe4 27. dxe4 Qg5 28. Qe2 Rfd8 29. Qd3 Bh6 30. Qb3+ Kh8 31. Rfd1 Bg7 32. Qd3 Qe7 33. Ra1 Qe6 34. Rdc1 Qc6 35. Ra5 Bh6 36. Rca1 Rb7 37. Ra6 Qc7 38. Rf1 Rf8 39. Rxf8+ Bxf8 40. Ra8 Rb8 41. Ra6 Qf7 42. Qd2 Qf3 43. Qe1 Rb7 44. Qf2 Qxf2+ 1/2-1/2

[Event "ROM-ch U12"]
[Site "Calimanesti"]
[Date "2018.03.31"]
[Round "6"]
[White "Toma, Alexandru Mihai"]
[Black "Tablan, Andrei Damian"]
[Result "1-0"]
[WhiteElo "1381"]
[BlackElo "1494"]
[PlyCount "103"]
[EventDate "2018.03.27"]
[EventType "swiss"]
[EventRounds "9"]
[EventCountry "ROU"]
[SourceTitle "CBM 183 Extra"]
[Source "ChessBase"]
[SourceDate "2018.04.19"]
[SourceVersion "1"]
[SourceVersionDate "2018.04.19"]
[SourceQuality "1"]

1. e4 d6 2. d4 g6 3. Nf3 Bg7 4. Be2 Nf6 5. Nc3 Nbd7 6. 0-0 0-0 7. h3 Re8 8. Be3 c6 9. a4 Qc7 10. Qe1 e5 11. dxe5 dxe5 12. Rd1 Nh5 13. Nh2 Ndf6 14. Bxh5 Nxh5 15. Ne2 Be6 16. b3 Rad8 17. Qb4 b6 18. c4 c5 19. Qa3 Nf4 20. Nc3 Qe7 21. Qc1 Nd3 22. Qc2 Nb4 23. Qe2 f5 24. f3 f4 25. Bf2 Qg5 26. Kh1 Qe7 27. Rfe1 Bf6 28. Nf1 Bh4 29. Nd5 Bxd5 30. cxd5 Bxf2 31. Qxf2 Qd6 32. Qe2 Qc7 33. Qc4 Kg7 34. Rc1 Re7 35. Red1 Rd6 36. Nd2 Qb7 37. Ra1 Rc7 38. Qc3 Rf6 39. Nc4 Re7 40. d6 Rd7 41. Nxe5 Rdxd6 42. Ng4 Rde6 43. Nxf6 Rxf6 44. e5 Re6 45. Rd6 Rxd6 46. exd6+ Kh6 47. Qf6 Qd5 48. Qxf4+ Kg7 49. Re1 Nd3 50. Re7+ Kg8 51. Re8+ Kg7 52. Qf8# 1-0

[Event "ROM-ch U10"]
[Site "Calimanesti Caciulata"]
[Date "2016.04.24"]
[Round "8"]
[White "Mihai, Florin"]
[Black "Toma, Alexandru Mihai"]
[Result "1/2-1/2"]
[WhiteElo "1443"]
[BlackElo "1346"]
[PlyCount "132"]
[EventDate "2016.04.18"]
[EventType "swiss"]
[EventRounds "9"]
[EventCountry "ROU"]
[SourceTitle "EXT 2017"]
[Source "ChessBase"]
[SourceDate "2016.10.25"]
[SourceVersion "1"]
[SourceVersionDate "2016.10.25"]
[SourceQuality "1"]

1. d4 d5 2. c4 c6 3. cxd5 cxd5 4. Nf3 Nc6 5. Nc3 Nf6 6. e3 a6 7. Bd3 e6 8. 0-0 Bb4 9. Bd2 0-0 10. a3 Ba5 11. Rc1 Bxc3 12. Bxc3 Re8 13. Qe2 h6 14. Rfd1 Qc7 15. Be1 Qd8 16. h3 Bd7 17. Bc3 Qc7 18. Bb4 a5 19. Be1 Qb6 20. Bc3 Qc7 21. Bb5 Ne4 22. Bxc6 Bxc6 23. Ne5 f6 24. Nxc6 bxc6 25. Rc2 Nxc3 26. Rxc3 Qb6 27. Rdc1 Rec8 28. Qd2 Ra6 29. Rc5 Kf7 30. R5c3 Kg8 31. Rc5 Kf7 32. Qc3 Kg8 33. Rc2 Kf7 34. Qd2 Qc7 35. Qd3 Qb6 36. Qe2 Qb7 37. Qh5+ Kg8 38. Qg6 Qf7 39. Qd3 Qb7 40. Qc3 Qb6 41. Qd2 Kf7 42. Qe2 Qb7 43. Qh5+ Kg8 44. Qg6 Qf7 45. Qg3 Qc7 46. Qxc7 Rxc7 47. Kf1 Kf7 48. Ke2 Ke7 49. Kd3 Kd6 50. R5c3 Rb6 51. Rc5 Rb5 52. Rxb5 cxb5 53. Rxc7 Kxc7 54. e4 Kd6 55. f3 e5 56. dxe5+ fxe5 57. exd5 Kxd5 58. b3 g6 59. g3 h5 60. h4 a4 61. b4 Kc6 62. Ke4 Kd6 63. g4 Ke6 64. gxh5 gxh5 65. f4 exf4 66. Kxf4 Kf6 1/2-1/2

[Event "ROM-ch U10"]
[Site "Calimanesti Caciulata"]
[Date "2016.04.22"]
[Round "6"]
[White "Cristinescu, Darius Petre"]
[Black "Toma, Alexandru Mihai"]
[Result "0-1"]
[WhiteElo "1231"]
[BlackElo "1346"]
[PlyCount "64"]
[EventDate "2016.04.18"]
[EventType "swiss"]
[EventRounds "9"]
[EventCountry "ROU"]
[SourceTitle "CBM 172 Extra"]
[Source "ChessBase"]
[SourceDate "2016.06.21"]
[SourceVersion "1"]
[SourceVersionDate "2016.06.21"]
[SourceQuality "1"]

1. e4 e5 2. Nf3 Nc6 3. Bc4 Bc5 4. Nc3 Nf6 5. d3 h6 6. Be3 Bb6 7. 0-0 d6 8. h3 0-0 9. Qd2 Be6 10. Bb3 Qd7 11. Kh2 Kh8 12. Bxb6 axb6 13. d4 exd4 14. Nxd4 Nxd4 15. Qxd4 Bxb3 16. axb3 Rfe8 17. Qd3 Qc6 18. Qd4 Rxa1 19. Rxa1 Nxe4 20. Re1 Nxc3 21. Rxe8+ Qxe8 22. Qxc3 Qe7 23. b4 Kg8 24. b3 c5 25. bxc5 bxc5 26. Qb2 b5 27. c4 bxc4 28. bxc4 Qe5+ 29. Qxe5 dxe5 30. Kg3 Kf8 31. Kf3 Ke7 32. Ke4 Ke6 0-1

[Event "ROM-ch U10"]
[Site "Calimanesti Caciulata"]
[Date "2016.04.18"]
[Round "1"]
[White "Toma, Alexandru Mihai"]
[Black "Ionita, George Calin"]
[Result "1-0"]
[WhiteElo "1346"]
[BlackElo "1031"]
[PlyCount "55"]
[EventDate "2016.04.18"]
[EventType "swiss"]
[EventRounds "9"]
[EventCountry "ROU"]
[SourceTitle "CBM 172 Extra"]
[Source "ChessBase"]
[SourceDate "2016.06.21"]
[SourceVersion "1"]
[SourceVersionDate "2016.06.21"]
[SourceQuality "1"]

1. e4 e5 2. Nf3 Nc6 3. Bc4 Nd4 4. Nxe5 Qg5 5. Bxf7+ Ke7 6. Bxg8 Qxg2 7. d3 Qxh1+ 8. Kd2 Qxh2 9. Ng4 Qf4+ 10. Kc3 Qd6 11. Bg5+ Ke8 12. Kd2 Qb4+ 13. Nc3 Qxb2 14. Rb1 Qa3 15. Be3 Bc5 16. Bc4 d6 17. Bxd4 Bxd4 18. Nb5 Qa5+ 19. c3 a6 20. Nxd4 Qg5+ 21. Ne3 Bg4 22. Qxg4 Qf6 23. Qe6+ Qxe6 24. Nxe6 b5 25. Bd5 Rd8 26. Nxd8 Kxd8 27. Rg1 Rf8 28. Rxg7 1-0